| 000 | 01248 a2200253 4500 | ||
|---|---|---|---|
| 005 | 20080911151347.0 | ||
| 008 | 080911t xxu||||| |||| 00| 0 hin d | ||
| 010 | _aHIN-79728 | ||
| 020 |
_a8188914037 _c150.00 |
||
| 035 | _aHN-52074 | ||
| 037 | _bD.B.Act / pub | ||
| 082 | _aउ | ||
| 100 | _aतुर्गनेव, इवान | ||
| 245 |
_aपूर्वसंध्या _cइवान तुर्गनेव अनुवादक, गुरचरण सिंह |
||
| 246 |
_aPoorv Sandhya _bby Lvan Turgenev |
||
| 260 |
_aदिल्ली _bएवरेस्ट पब्लिकेशंस _c2006 |
||
| 270 |
_a1/11437, सुभाष पार्क एक्सटेंशन, गली नं.2, नवीन शाहदरा _bदिल्ली _e110032 |
||
| 300 |
_a144 पृ. _c22 सेमी (सजिल्द) |
||
| 650 | _aहिन्दी उपन्यास | ||
| 650 | _aHindi Novel | ||
| 700 | _aगुरचरण सिंह | ||
| 942 |
_adpl _cHN _kउ / तुर्गने _2ddc _hउ _m तुर्गने |
||
| 999 |
_c3514 _d3514 |
||